000 00361nam a2200157Ia 4500
100 _aGibson/J.R
650 _aElectrical Engineering
942 _cBK
654 _aElectronic Logic Circuits
245 _aElectronic Logic Circuits
260 _bEdward Arnold .
_aLondon
_c1983
082 _a621.3
_bGib
300 _a122
546 _aENGLISH
999 _c35018
_d35018